| 000 | 00766nam a22002177a 4500 | ||
|---|---|---|---|
| 999 |
_c176922 _d176922 |
||
| 005 | 20210727153522.0 | ||
| 010 | _aENG-128921 B-740653 | ||
| 020 |
_c280.00 _a9788190318006 |
||
| 035 | _aEN-112453 | ||
| 035 | _aB-740653 | ||
| 037 | _bDBAD/PUB | ||
| 037 | _bGift | ||
| 082 | _a342.540853 | ||
| 100 | _aNigam, Shalu | ||
| 245 |
_aRight to Information Law and Practice / _cby Shalu Nigam |
||
| 260 |
_aNew Delhi _bJBA Publishers _c2006 |
||
| 270 |
_bNew Delhi _e110005 _a5061/1, Sant Nagar, Near Dev Nagar Jain Mandir, Karol Bagh _k23416390 upto 97, 26567066 _l911151513850 _msales@jba.in |
||
| 300 |
_axl, 440p. _c22cm(pbk) |
||
| 942 |
_2ddc _cEN _h342.540853 _mNIG |
||